[Event "TUR-ch (Women)"]
[Site "Ankara"]
[Date "2020.03.08"]
[Round "9"]
[White "Yildirim, Ada"]
[Black "Ikizler, Mualla Hatun"]
[Result "1/2-1/2"]
[WhiteElo "1352"]
[BlackElo "1286"]
[PlyCount "48"]
[EventDate "2020.03.02"]
[EventType "swiss"]
[EventRounds "9"]
[EventCountry "TUR"]
[SourceTitle "CBM 195 Extra"]
[Source "ChessBase"]
[SourceDate "2020.05.31"]
[SourceVersion "1"]
[SourceVersionDate "2020.05.31"]
[SourceQuality "1"]

1. d4 d5 2. Nf3 Nf6 3. e3 Bg4 4. c4 c6 5. Qb3 Bxf3 6. gxf3 Qc7 7. Nc3 e6 8. Bd2 dxc4 9. Bxc4 b5 10. Bd3 Nd5 11. Rc1 Nxc3 12. Rxc3 b4 13. Rc4 a5 14. Qa4 Bd6 15. Bxb4 Bxb4+ 16. Rxb4 axb4 17. Qxa8 0-0 18. Qa4 c5 19. Qc2 g6 20. h4 Rc8 21. dxc5 Qxc5 22. Qxc5 Rxc5 23. Kd2 Nd7 24. Rc1 Ra5 1/2-1/2

[Event "TUR-ch (Women)"]
[Site "Antalya"]
[Date "2019.03.06"]
[Round "5"]
[White "Kipik, Feyza"]
[Black "Yildirim, Ada"]
[Result "1-0"]
[WhiteElo "1476"]
[BlackElo "1276"]
[PlyCount "61"]
[EventDate "2019.03.03"]
[EventType "swiss"]
[EventRounds "9"]
[EventCountry "TUR"]
[SourceTitle "CBM 189 Extra"]
[Source "ChessBase"]
[SourceDate "2019.06.03"]
[SourceVersion "1"]
[SourceVersionDate "2019.06.03"]
[SourceQuality "1"]

1. e4 c5 2. Nf3 g6 3. d4 cxd4 4. Nxd4 Bg7 5. Nc3 Nc6 6. Be3 d6 7. f3 Nf6 8. Qd2 Bd7 9. g4 h6 10. h4 a6 11. 0-0-0 b5 12. Be2 Na5 13. g5 Ng8 14. gxh6 Bxh6 15. Bxh6 Rxh6 16. h5 e5 17. Nb3 Nxb3+ 18. axb3 gxh5 19. Rhg1 Rh8 20. Qxd6 Qe7 21. Qc7 Rc8 22. Qb7 Rc6 23. Rd5 Re6 24. Rgd1 Nf6 25. R5d2 Rh6 26. Nxb5 axb5 27. Bxb5 h4 28. Bxd7+ Nxd7 29. Rxd7 Qg5+ 30. Kb1 Kf8 31. Rxf7+ 1-0

[Event "TUR-ch (Women)"]
[Site "Antalya"]
[Date "2018.03.10"]
[Round "9"]
[White "Yildirim, Ada"]
[Black "Dirican, Feride"]
[Result "1/2-1/2"]
[WhiteElo "1222"]
[BlackElo "1197"]
[PlyCount "83"]
[EventDate "2018.03.05"]
[EventType "swiss"]
[EventRounds "9"]
[EventCountry "TUR"]
[SourceTitle "CBM 183 Extra"]
[Source "ChessBase"]
[SourceDate "2018.04.19"]
[SourceVersion "1"]
[SourceVersionDate "2018.04.19"]
[SourceQuality "1"]

1. d4 Nf6 2. c4 e5 3. dxe5 Ng4 4. Bf4 g5 5. Bd2 Bg7 6. e3 d6 7. Bc3 Bxe5 8. Bxe5 Nxe5 9. Be2 Be6 10. Nd2 Na6 11. Ngf3 Nxf3+ 12. Nxf3 Nc5 13. b4 Nd7 14. Nd4 Qe7 15. Nxe6 Qxe6 16. Rc1 Ne5 17. Qa4+ Qd7 18. Qxd7+ Nxd7 19. h4 gxh4 20. Rxh4 0-0-0 21. Bd3 h6 22. f4 Nf6 23. Bf5+ Kb8 24. Kf2 Rde8 25. Kf3 h5 26. a3 Rhg8 27. c5 d5 28. c6 b6 29. b5 Ne4 30. Bxe4 dxe4+ 31. Kf2 Rh8 32. Rd1 a6 33. a4 a5 34. Rd5 Rd8 35. Rhxh5 Rhe8 36. Rxd8+ Rxd8 37. Re5 Rd2+ 38. Kg3 f5 39. Rxf5 Ra2 40. Rf8+ Ka7 41. f5 Rxg2+ 42. Kxg2 1/2-1/2